[Event "Podgorica"]
[Site "Podgorica"]
[Date "1993.??.??"]
[Round "13"]
[White "Abramovic, Bosko"]
[Black "Drasko, Milan"]
[Result "0-1"]
[WhiteElo "2475"]
[BlackElo "2475"]
[Annotator "Ribli,Z"]
[PlyCount "80"]
[EventDate "1993.02.??"]
[EventType "tourn"]
[EventRounds "13"]
[EventCountry "YUG"]
[EventCategory "10"]
[SourceTitle "CBM 036"]
[Source "ChessBase"]
[SourceDate "1993.10.01"]
[SourceVersion "1"]
[SourceVersionDate "1993.10.01"]
[SourceQuality "1"]

1. c4 e5 2. g3 Nc6 3. Bg2 g6 4. Nc3 Bg7 5. d3 f5 6. Nf3 Nf6 7. O-O d6 8. Rb1 h6
(8... O-O {Moskow,E-Polgar,J/New York/1992/CBM32/}) 9. b4 O-O (9... a6 {
Hertneck,G-Polgar,Zsu/Munich/1991/CBM23/51,31/}) 10. b5 Ne7 11. a4 g5 (11...
Be6 $5 $13 {Psakhis,L-Kasparov,G/La Manga-m/1990/50,25/}) 12. c5 (12. a5 $13 {
Plachetka,J-Sokolov,I/Stary Smokovec/1991/CBM26/53,30/}) 12... Be6 13. cxd6 $6
(13. Ba3 $5) 13... cxd6 14. Nd2 Rc8 15. Bb2 d5 $13 16. e3 Qd7 17. d4 exd4 18.
exd4 Ne4 $1 19. Ne2 Ng6 20. Nb3 b6 21. Nbc1 f4 $36 22. f3 Nd6 23. Nd3 Nf5 24.
Rf2 Ne3 25. Qb3 Bf5 26. Rc1 fxg3 27. hxg3 Nxg2 28. Kxg2 g4 29. fxg4 Be4+ 30.
Kg1 Qxg4 31. Rxc8 Rxc8 32. Ndf4 Nxf4 33. Nxf4 Kh8 34. Kh2 (34. Nxd5 Qh3 $19)
34... Rf8 35. Qe3 Rf5 36. Kg1 Qd1+ 37. Rf1 Qxa4 38. Ng6+ Kh7 39. Rxf5 Bxf5 40.
Ne5 Qxb5 0-1

[Event "Altensteig"]
[Site "Altensteig"]
[Date "1991.??.??"]
[Round "5"]
[White "Chernin, Alexander"]
[Black "Lutz, Christopher"]
[Result "1-0"]
[WhiteElo "2605"]
[BlackElo "2545"]
[Annotator "Ribli,Z"]
[PlyCount "109"]
[EventDate "1991.07.??"]
[EventType "tourn"]
[EventRounds "11"]
[EventCountry "GER"]
[EventCategory "11"]
[SourceTitle "CBM 025"]
[Source "ChessBase"]
[SourceDate "1991.12.01"]
[SourceVersion "1"]
[SourceVersionDate "1991.12.01"]
[SourceQuality "1"]

1. c4 e5 2. Nc3 Nf6 3. Nf3 Nc6 4. a3 g6 5. g3 Bg7 6. Bg2 O-O 7. O-O d6 8. d3
Bg4 (8... Re8 9. Bg5 h6 10. Bxf6 Bxf6 11. Nd2 Bg7 12. Rb1 a5 13. Re1 Ne7 14.
Qc2 c6 $13 {Chernin,A-Kindermann,S Debrecen 1990 CBM/20}) 9. h3 Bd7 10. e4 a6
11. Be3 Rb8 12. Rc1 Ne8 13. d4 exd4 14. Nxd4 Ne5 15. Qe2 c5 16. Nf3 Nxf3+ 17.
Qxf3 Be6 18. Rfd1 Qe7 19. Bf1 Nc7 20. b4 b6 21. Bf4 Rfd8 22. Qe3 Bf6 23. e5 $1
$14 dxe5 24. Bxe5 cxb4 25. axb4 Bxe5 26. Qxe5 f6 27. Qf4 Bf7 28. Ne4 Kg7 29.
Nxf6 $1 Qxf6 30. Qxc7 Rdc8 31. Qa7 Ra8 32. Qd7 Rd8 33. Qa4 a5 34. Bg2 (34. bxa5
$5) 34... Rxd1+ 35. Rxd1 Rc8 36. c5 $1 axb4 37. c6 b3 38. Qb5 Rd8 39. Rxd8 Qxd8
40. Kh2 h5 41. h4 Qc7 42. Qb4 Qd8 43. Bh3 Qc7 44. Qd4+ Kf8 45. Bg2 Ke7 46. Qb4+
Ke8 47. Qe4+ Kf8 48. Qd4 Ke7 49. Be4 Be6 50. Qg7+ Kd6 51. Qf8+ Qe7 52. Qf4+ Kc5
53. Qe5+ Kb4 54. Bd5 Qc5 55. Qe1+ 1-0

[Event "Odorheiu Secuiesc"]
[Site "Odorheiu Secuiesc"]
[Date "1993.??.??"]
[Round "2"]
[White "Neverov, Valeriy"]
[Black "Ibragimov, Ildar"]
[Result "0-1"]
[WhiteElo "2550"]
[BlackElo "2540"]
[Annotator "Ribli,Z"]
[PlyCount "72"]
[EventDate "1993.05.??"]
[EventType "tourn"]
[EventRounds "11"]
[EventCountry "ROU"]
[EventCategory "12"]
[SourceTitle "CBM 036"]
[Source "ChessBase"]
[SourceDate "1993.10.01"]
[SourceVersion "1"]
[SourceVersionDate "1993.10.01"]
[SourceQuality "1"]

1. c4 e5 2. Nc3 Nc6 3. g3 g6 4. Bg2 Bg7 5. d3 d6 6. Nf3 f5 7. O-O Nf6 8. Bg5 (
8. Nd5 {Berkovich,MA-Davies,N/Tel Aviv/1992/CBM30/}) (8. Rb1 {Plachetka,
J-Sokolov,I/Stary Smokovec/1991/CBM26/}) 8... h6 (8... O-O 9. Nd5 Ne7 $13) 9.
Bxf6 Qxf6 10. Nd5 Qf7 11. b4 a6 (11... e4 $6 12. dxe4 fxe4 13. Nd2 Bxa1 14.
Qxa1 O-O 15. Nxe4 $44) 12. Rb1 O-O 13. a4 Nd8 (13... Be6 14. Nd2 $14) 14. Nd2
Ne6 15. Kh1 f4 16. Bh3 Bf6 (16... Ng5 17. Bxc8 Raxc8 18. Ne4 Nxe4 19. dxe4 c6
20. Nb6 Rcd8 $13) 17. Ne4 Bd8 18. b5 axb5 19. axb5 g5 20. b6 $1 c6 21. Nxd6 Qh5
22. Bxe6+ Bxe6 23. Nc3 (23. Nc7 Bg4 $1 $44) 23... Bh3 24. Kg1 $1 (24. Nxb7 $2
fxg3 $19) 24... f3 (24... Bxf1 25. Qxf1 Be7 26. Nce4 $44) 25. exf3 Rxf3 26. Re1
(26. Nxb7 $5 $16) 26... Ra3 27. Nde4 (27. Nxb7 $2 Rxc3 28. Nxd8 Rcxd3 29. b7
Rxd1 30. b8=Q (30. Rexd1 Rf8 $1 $19) 30... Rf8 $1 $19) 27... Bg4 28. Ra1 Rxa1
29. Qxa1 Rxd3 30. Qa8 Qf7 31. c5 (31. Nc5 $1) 31... Qf8 32. Nd6 $2 $138 (32.
Qxb7 $1 Bh3 33. Qxc6 Qf3 34. Qg6+ $18) 32... Rxc3 33. Nxb7 Be7 34. Qxf8+ Bxf8
35. h3 Bf3 36. Nd6 Rxc5 0-1

[Event "Hoogovens-B"]
[Site "Wijk aan Zee"]
[Date "1991.01.??"]
[Round "5"]
[White "Frias Pablaza, Victor J"]
[Black "Martens, Martin"]
[Result "1-0"]
[WhiteElo "2520"]
[BlackElo "2315"]
[Annotator "Ribli,Z"]
[PlyCount "75"]
[EventDate "1991.01.??"]
[EventType "tourn"]
[EventRounds "11"]
[EventCountry "NED"]
[EventCategory "9"]
[SourceTitle "CBM 022"]
[Source "ChessBase"]
[SourceDate "1991.06.01"]
[SourceVersion "1"]
[SourceVersionDate "1991.06.01"]
[SourceQuality "1"]

1. Nf3 Nf6 2. g3 g6 3. Bg2 Bg7 4. O-O O-O 5. c4 d6 6. Nc3 Nc6 7. d3 e5 8. Rb1
a5 9. a3 h6 10. b4 axb4 11. axb4 Be6 12. b5 Ne7 13. Nd2 c6 14. Qb3 Qd7 (14...
d5 $5 15. Ba3 e4 16. Bc5 exd3 17. exd3 Re8 $13 {Sunye-Grefe Lone Pine 1977})
15. Ba3 Rfd8 16. Nce4 Nxe4 17. Nxe4 c5 (17... Nf5 18. e3 $14) 18. Bxc5 $1 dxc5
19. Nxc5 Qd4 (19... Qc7 20. Nxb7 Rdc8 21. b6 $146) 20. Nxe6 fxe6 21. Bxb7 $146
Rab8 22. Be4 Bf8 23. Ra1 Rb6 24. Ra7 Nc8 25. e3 Qc5 26. Ra8 Kg7 27. Rfa1 Be7
28. R1a6 h5 29. Qb2 Kh6 30. d4 $1 exd4 31. exd4 Rxd4 (31... Qxc4 32. Rxc8 $1)
32. Rxc8 Qe5 33. Qc1+ g5 34. Rxb6 Rxe4 35. Kf1 Bb4 36. Kg2 Re2 37. Qb1 Be1 38.
Rxe6+ $1 {(1.58/1.59)} 1-0

[Event "Reggio Emilia Top16 33rd"]
[Site "Reggio Emilia"]
[Date "1991.??.??"]
[Round "?"]
[White "Ehlvest, Jaan"]
[Black "Karpov, Anatoly"]
[Result "1/2-1/2"]
[WhiteElo "2650"]
[BlackElo "2725"]
[Annotator "Ribli,Z"]
[PlyCount "51"]
[EventDate "1991.01.??"]
[EventType "tourn"]
[EventRounds "14"]
[EventCountry "ITA"]
[EventCategory "16"]
[SourceTitle "CBM 022"]
[Source "ChessBase"]
[SourceDate "1991.06.01"]
[SourceVersion "1"]
[SourceVersionDate "1991.06.01"]
[SourceQuality "1"]

1. c4 e5 2. Nc3 Nc6 3. g3 g6 4. Bg2 Bg7 5. d3 d6 6. Rb1 a5 7. a3 Nf6 8. Nf3 O-O
9. O-O Bg4 (9... Bd7 10. b4 axb4 11. axb4 Qc8 12. Nb5 Nd8 $13 {Hug,W-Ivanovic,
B WchT Luzern 1989 CBM/16}) 10. h3 Bd7 11. b4 axb4 12. axb4 Re8 13. Nd2 (13.
Bg5 $5) 13... h6 14. Kh2 Qc8 15. e3 Nd8 16. Nd5 Nh7 17. Bb2 Ne6 18. Ra1 Rb8 19.
b5 Qd8 20. Bc3 Nf6 21. Nxf6+ Bxf6 22. Ra7 Nc5 23. d4 exd4 24. exd4 Bf5 25. Ba1
Ne4 26. Nxe4 1/2-1/2

[Event "EU-Cup 13th final"]
[Site "Kazan"]
[Date "1997.12.29"]
[Round "2"]
[White "Chernin, Alexander"]
[Black "Akopian, Vladimir Eduardovic"]
[Result "1-0"]
[WhiteElo "2640"]
[BlackElo "2660"]
[Annotator "Ribli,Z"]
[PlyCount "73"]
[EventDate "1997.12.28"]
[EventType "team-k.o."]
[EventRounds "4"]
[EventCountry "RUS"]
[SourceTitle "EXT 2020"]
[Source "ChessBase"]
[SourceDate "2019.10.17"]
[SourceVersion "1"]
[SourceVersionDate "2019.10.17"]
[SourceQuality "1"]
[WhiteTeam "Graz Merkur Versicherung"]
[BlackTeam "Yerevan"]
[WhiteTeamCountry "AUT"]
[BlackTeamCountry "ARM"]

1. c4 e5 2. Nc3 Nc6 3. g3 g6 4. Bg2 Bg7 5. e4 $5 {Wei� gibt zwar die
Kontrolle �ber das Feld d4 auf, verst�rkt aber seine Herrschafft �ber d5.
Ribli.} d6 6. Nge2 Nge7 7. d3 Nd4 $6 {Es scheint nat�rlich, da� Schwarz
den Punkt d4 mit seinem Springer besetzt, meiner Meinung nach kommt dieser Zug
aber zu fr�h. Beser w�re es zu warten und diesen Zug nur nach Be3
auszuf�hren. Denn dann ist Nxd4 - wie es in unserer Partie geschah - nicht
m�glich.} (7... O-O $5 8. O-O f5 (8... Nd4 9. Nxd4 exd4 10. Ne2 Rb8 (10... c5
11. a3 a5 12. b3 Rb8 13. Rb1 b5 14. Bd2 {1/2-1/2 Krause,C-Backwinkel,P/BL8586
1986}) 11. b4 (11. b3 $5) 11... b5 12. cxb5 Rxb5 13. Bd2 Rb8 14. Rc1 c6 15. Qa4
Qb6 16. Bg5 f6 17. Bf4 Rd8 18. Qb3+ Kh8 19. Bd2 Re8 20. Nf4 Ng8 21. Rc2 Bd7 22.
Rfc1 Nh6 {0-1 Tonoli,W-Le Quang,K/Team-ch BEL, Antwerp BEL 1997 (40)}) 9. Nd5
Be6 10. Be3 Qd7 11. Qd2 Rf7 12. Rac1 Raf8 13. b4 (13. f3 $5 Kh8 $2 14. b3 $5
Ng8 15. exf5 $1 gxf5 16. f4 Nf6 17. Nxf6 Bxf6 18. d4 exd4 19. Nxd4 Nxd4 20.
Bxd4 b6 21. Rfe1 Re8 22. Bf3 Rff8 23. Bxf6+ Rxf6 24. Re3 {1-0 Csom,I-Gulko,B/
Biel izt 1976 (41)}) 13... Nc8 14. b5 Nd8 15. d4 $5 (15. exf5 Bxf5 16. d4 c6
17. bxc6 Nxc6 {1/2-1/2 Chernin, A-Kindermann,S/Dortmund-A 1991}) 15... c6 16.
dxe5 dxe5 17. exf5 gxf5 18. f4 e4 19. Rfd1 $14 Qe8 20. b6 axb6 21. Nxb6 Nxb6
22. Bxb6 {1/2-1/2 Uhlmann,W-Timman, J/Niksic 1978 (33)}) 8. Nxd4 exd4 9. Ne2 {
Jetzt hat Wei� nicht mehr die Schw�chung auf d4, und der schwarze Bg7
steht aufgrund seines Pd4 weniger aktiv.} c6 (9... c5 $6 10. Nf4 (10. h4 Bg4
11. f3 Bd7 12. h5 h6 13. Bf4 Qc7 14. g4 g5 15. Bh2 O-O 16. Qd2 a5 17. f4 f6 18.
Bf3 Ra6 19. Ng3 b5 {Schmidt,R-Haub, T/NRW-I 1991/0-1 (44)}) 10... Bd7 11. h4 h5
12. Bh3 Bxh3 13. Nxh3 Qd7 14. Bd2 Nc6 15. f4 Qg4 16. Kf2 $14 {Hort-Zinn
Leipzig 1973}) (9... Nc6 10. h3 O-O 11. O-O Bd7 12. Rb1 a5 13. b3 f5 14. exf5
Bxf5 15. g4 Bd7 16. Ng3 Qh4 17. Ne4 h6 18. a3 Ne5 19. f4 Nc6 20. Bd2 Rae8 21.
Be1 Qe7 22. b4 axb4 23. axb4 Nd8 24. Bg3 b5 25. Qd2 bxc4 26. dxc4 Bc6 27. Rbe1
{1/2-1/2 Rehbein,D-Bornemann,W/BL2-N 1992 (54)}) (9... h6 10. O-O c6 11. b3 O-O
12. Bb2 Qb6 13. Rc1 c5 14. Rc2 Bd7 15. Bc1 Qc7 16. h4 b5 17. cxb5 Bxb5 18. g4
Nc6 19. f4 Qe7 20. h5 Qh4 21. hxg6 fxg6 22. Rf3 Qxg4 23. Rg3 Qh5 24. Rh3 Qg4
25. Rg3 Qh5 {1/2-1/2 Bischoff, K-Sokolov,I/Dortmund-A 1989}) 10. O-O O-O 11. h3
{Das ist ein kleiner profilaktischer Zug, der das m�gliche Bg4 unterbindet
und seinem K�nig auf h2 Platz verschafft.} (11. Rb1 a6 12. b3 b5 13. Qc2 c5
14. a4 Nc6 15. Bd2 bxc4 16. bxc4 Ra7 17. Nf4 a5 18. h4 Nb4 19. Qd1 {1/2-1/2
Sher,M-Riemersma,L/Cappelle op 1996}) (11. b4 a5 12. b5 cxb5 13. cxb5 d5 14.
Ba3 dxe4 15. Bxe4 Re8 16. Nf4 Bh6 17. Qf3 Bxf4 18. Bxe7 Rxe7 19. Qxf4 Be6 20.
Qf6 Rc7 21. Qxd8+ Rxd8 22. b6 Rc3 {1/2-1/2 Portisch,L-Smyslov,V/Monte Carlo
1968 (41)}) (11. Bd2 h6 12. b4 Kh7 13. Nf4 Bd7 14. Rc1 Qc7 15. c5 Rae8 16. Re1
Be5 17. cxd6 Qxd6 18. Rc5 b6 19. Rc2 Rc8 {Winants,L-Nijboer,F/Wijk-B 1991/1/
2-1/2 (61)}) 11... Be6 12. b3 f5 (12... d5 13. exd5 cxd5 14. Nf4 $14 (14. Ba3
$14)) 13. Bb2 Qb6 (13... c5 $6 14. Nf4 $14) 14. Rb1 g5 $6 {Schwarz bereitet 15.
..f4 vor und verhindert zugleich 16. Nf4. Aber er schw�cht damit auch seine
K�nigsstellung.} (14... a5 $5) 15. exf5 Bxf5 16. g4 $1 {Es scheint, da�
Wei� nun Initiative am K�nigsfl�gel bekommt.} Bg6 17. f4 gxf4 18. Nxf4 {
Wei� besitzt freie Hand am K�nigsfl�gel, und auf der Gegenseite hat
Schwarz aufgrund des Doppelbauers auf der d-Linie weder etwas im Zentrum noch
am Damenfl�gel.} Be5 {Dieser Zug hilft nur Wei�.} (18... Rf7 $5 {Mit der
Idee der sofortigen Turmverdopplung auf der f-Linie.}) 19. Bc1 $5 {Der
L�ufer war schlecht postiert auf b2, die Diagonale c1-h6 ist wichtiger.} Rf6
20. Rb2 $1 {Weiss auch doppelt seine Tuerme auf der f-Linie.Ribli.} Raf8 21.
Rbf2 Qa5 22. a3 R8f7 (22... Bxf4 23. Bxf4 (23. Rxf4 Rxf4 24. Bxf4 (24. Rxf4
Rxf4 25. Bxf4 Qxa3 $17) 24... Qxa3 $15) 23... Qxa3 $2 (23... Qc3 24. Bd2 $18 (
24. Bxd6 Rxf2 25. Rxf2 Rxf2 26. Kxf2 Nc8 $13 27. Bb4 Qxd3 (27... Qb2+ 28. Qe2
Qxe2+ 29. Kxe2 $16) 28. Qxd3 Bxd3 29. Bc5 Bc2 30. Bxd4 Bxb3 31. c5 $14)) 24.
Bc1 $18) 23. h4 {Nachdem alles vorbereitet ist, startet Wei� konkrete
Aktionen am K�nigsfl�gel.} Bxf4 (23... Qc3 24. Bd2 Qb2 25. Bb4 $18) 24.
Rxf4 Rxf4 25. Bxf4 Qc3 (25... Qxa3 26. h5 $18) 26. Rf3 h6 {Schwarz mu� sich
gegen die Drohung 27.h5 verteidigen.} (26... h5 27. gxh5 Bxh5 28. Rg3+ Bg6 29.
Bd2 Qb2 30. h5 $18) 27. h5 Bh7 28. Bxh6 $16 {Wei� hat einen Bauern gewonnen
und besitzt starken Angriff am K�nigsfl�gel.} d5 (28... Rxf3 29. Qxf3) 29.
Qf1 Bxd3 {Schwarz opfert ein Figur f�r etwas Gegenchancen. Andernfalls kann
er aufgrund der Mattdrohung auf f8 nicht �berleben.} 30. Qxd3 Rxf3 31. Qxf3
d3 32. Bf1 $18 {Schwarz hat eine glatte Figur weniger, ohne sonderliche
Chancen.} (32. Qf8+ Kh7 33. Qxe7+ Kxh6 34. Qe3+ $18) 32... dxc4 33. bxc4 Qd4+
34. Be3 Qxc4 35. Qf4 (35. Bf2 $18) 35... Qc2 36. Qe4 {Schwarz verliert auch
noch seine einzige "Hoffnung", den Pd3.} Nd5 37. Bd4 {Nun droht Matt in ein
paar Z�gen. Schwarz gab auf.} 1-0

[Event "Salamanca"]
[Site "Salamanca"]
[Date "1990.??.??"]
[Round "3"]
[White "Sunye Neto, Jaime"]
[Black "Todorcevic, Miodrag"]
[Result "0-1"]
[WhiteElo "2470"]
[BlackElo "2550"]
[Annotator "Ribli,Z"]
[PlyCount "122"]
[EventDate "1990.02.??"]
[EventType "tourn"]
[EventRounds "9"]
[EventCountry "ESP"]
[EventCategory "9"]
[SourceTitle "CBM 018"]
[Source "ChessBase"]
[SourceDate "1990.10.01"]
[SourceVersion "1"]
[SourceVersionDate "1990.10.01"]
[SourceQuality "1"]

1. c4 g6 2. g3 Bg7 3. Bg2 d6 4. Nc3 e5 5. d3 Ne7 6. e4 Nd7 7. Nge2 O-O 8. O-O
c6 {8...f5 9.Be3, Nf6 10.h3 Spiridonov,N-Azmayparashvili,Z Erevan 1989 CBM/14}
9. Be3 Nf6 10. h3 Be6 11. f4 {11.b3, d5 =} Nh5 12. fxe5 {12.f5!?, gxf5 13.exf5,
Nxf5 14.Rxf5, Bxf5 15.g4, Nf4 16.gxf5, Qg5} dxe5 13. Qd2 Qd7 14. g4 Nf6 15. Ng3
Ne8 16. Kh2 $2 {>= 16.Rad1} f6 17. Rad1 Qc7 18. Kh1 Rd8 19. Qf2 b6 20. a4 Nd6
21. c5 Ndc8 22. b4 Rf7 23. Qc2 bxc5 24. bxc5 Rdf8 25. Rf2 Kh8 26. Rdf1 Ng8 27.
Nce2 Nce7 28. d4 Qc8 29. dxe5 fxe5 30. Rxf7 Bxf7 31. Ng1 Qa6 32. Rf3 Nf6 33.
Bf1 Qc8 34. Bc4 Be6 35. Kg2 Qd7 36. Rf2 Ne8 37. Rxf8+ Bxf8 38. Nf3 Bg7 39. Bxe6
Qxe6 40. Ng5 Qg8 41. Qd2 h6 42. Qd7 Bf6 43. Ne6 Ng7 44. Nxg7 Kxg7 45. Qxa7 Qa2+
46. Bf2 Kf7 47. a5 {>= 47.Qa5, Bg5 48.Qc3 +/=} Bg5 48. Qa6 Bd2 49. Qe2 Qxa5 50.
Qc4+ Ke8 51. h4 Bf4 52. Ne2 Qd2 53. Kf3 Qd1 54. Kg2 h5 55. g5 Qd7 56. Kf1 Qh3+
57. Ke1 Qh1+ 58. Ng1 Bg3 59. Kf1 Bxf2 60. Kxf2 Qxh4+ 61. Ke2 Qxg5 0-1

[Event "Hoogovens-B"]
[Site "Wijk aan Zee"]
[Date "1991.01.??"]
[Round "6"]
[White "Winants, Luc"]
[Black "Cifuentes Parada, Roberto"]
[Result "0-1"]
[WhiteElo "2505"]
[BlackElo "2510"]
[Annotator "Ribli,Z"]
[PlyCount "124"]
[EventDate "1991.01.??"]
[EventType "tourn"]
[EventRounds "11"]
[EventCountry "NED"]
[EventCategory "9"]
[SourceTitle "CBM 022"]
[Source "ChessBase"]
[SourceDate "1991.06.01"]
[SourceVersion "1"]
[SourceVersionDate "1991.06.01"]
[SourceQuality "1"]

1. c4 e5 2. Nc3 Nc6 3. g3 g6 4. Bg2 Bg7 5. d3 d6 6. Rb1 a5 7. a3 Nf6 8. b4 axb4
9. axb4 O-O 10. b5 Ne7 11. Nf3 h6 12. O-O Be6 13. Bb2 Qd7 14. c5 $2 (14. Qb3
Bh3 15. Ra1 Nh5 $13 {Bosboom,M-Piket,Je NLD-ch 1990 CBM/19}) 14... Nfd5 $1 15.
Nxd5 Bxd5 16. Qc2 (16. cxd6 cxd6 17. Qd2 Ra2 18. e4 Bb3 19. Qc3 Be6 20. Qb4
Rfa8 21. Rfc1 R8a4 22. Qe1 Ra5 23. b6 Nc6 24. Bc3 R5a4 25. Nd2 Qd8 26. f4 $2 d5
$1 $17 {Bischoff-Milos Dubai ol 1986 42/27}) 16... Ba2 17. Ra1 Qxb5 18. Nd2 Bd5
19. cxd6 cxd6 20. Ne4 Qd7 21. f4 f5 22. Bh3 Rxa1 23. Rxa1 Qb5 24. Nf2 Nc6 25.
Rb1 Qa6 26. Qd2 Qb6 27. Qc1 Nd4 28. Bxd4 Qxd4 29. Bg2 Bxg2 30. Kxg2 exf4 31.
Qxf4 Re8 32. Qxd4 Bxd4 33. Kf1 Re7 34. Nd1 h5 35. Rb4 Bc5 36. Rb1 Kf7 37. Nc3
Ke6 38. e3 Rc7 39. d4 Ba3 40. Rb3 Bb4 41. Ne2 Ba5 42. Nf4+ Kf7 43. Nd5 Rc1+ 44.
Kg2 Rc2+ 45. Kg1 b6 46. Nxb6 Ke6 47. Na4 Rc4 48. Nb6 Rc1+ 49. Kg2 Rc2+ 50. Kf3
Be1 51. Kf4 Rxh2 52. d5+ Kf7 53. e4 Rf2+ 54. Ke3 Rg2 55. Kf4 h4 56. exf5 Bxg3+
57. Kg4 gxf5+ 58. Kxf5 h3 59. Nc4 h2 60. Rb7+ Kg8 61. Rb8+ Kh7 62. Rb7+ Kg8 {
(2.51/3.05)} 0-1

[Event "Salamanca"]
[Site "Salamanca"]
[Date "1990.??.??"]
[Round "9"]
[White "De la Villa Garcia, Jesus Maria"]
[Black "Todorcevic, Miodrag"]
[Result "1/2-1/2"]
[WhiteElo "2450"]
[BlackElo "2550"]
[Annotator "Ribli,Z"]
[PlyCount "71"]
[EventDate "1990.02.??"]
[EventType "tourn"]
[EventRounds "9"]
[EventCountry "ESP"]
[EventCategory "9"]
[SourceTitle "CBM 018"]
[Source "ChessBase"]
[SourceDate "1990.10.01"]
[SourceVersion "1"]
[SourceVersionDate "1990.10.01"]
[SourceQuality "1"]

1. c4 g6 2. Nc3 Bg7 3. g3 d6 4. Bg2 e5 5. e4 Nc6 6. Nge2 h5 {6...Nd4 7.Nxd4,
exd4 8.Ne2 Bischoff,K-Schmittdiel,E Dortmund-A 1989 CBM/13} 7. h4 {7.h3, h4 8.
g4, f5 9.gxf5, gxf5 10.exf5, Bxf5 11.d3, Bh6 12.Bxh6, Rxh6 Ree-Van der Wiel
Ter Apel 1987 i 43/22} Be6 8. d3 Qd7 9. Be3 Nh6 10. Nd5 Ng4 11. Bd2 Nd8 12. f3
Nh6 13. Bxh6 $6 {13.Qc2} Rxh6 14. Qd2 Rh8 15. f4 Bg4 16. Ne3 Nc6 17. Nxg4 hxg4
18. O-O-O O-O-O 19. Kb1 Kb8 20. Rdf1 exf4 21. gxf4 {21.Qxf4!?} Bf6 22. d4 Bxh4
23. d5 Ne7 24. Qd4 Rh5 25. Qg7 Nc8 26. f5 $1 gxf5 27. Nd4 $1 f6 $1 28. Qxd7
Rxd7 29. Rxf5 Rh6 30. Rf4 Bg5 31. Rxh6 Bxf4 32. Rh8 Be5 33. Nf5 c5 34. Rg8 Rh7
35. a4 a5 36. Rxg4 1/2-1/2

[Event "Rubinstein Memorial"]
[Site "Polanica Zdroj"]
[Date "1993.??.??"]
[Round "9"]
[White "Hickl, Joerg"]
[Black "Markowski, Tomasz"]
[Result "1-0"]
[WhiteElo "2570"]
[BlackElo "2465"]
[Annotator "Ribli,Z"]
[PlyCount "111"]
[EventDate "1993.08.??"]
[EventType "tourn"]
[EventRounds "11"]
[EventCountry "POL"]
[EventCategory "13"]
[SourceTitle "CBM 037"]
[Source "ChessBase"]
[SourceDate "1993.12.01"]
[SourceVersion "1"]
[SourceVersionDate "1993.12.01"]
[SourceQuality "1"]

1. g3 g6 2. Bg2 Bg7 3. c4 Nf6 4. Nf3 O-O 5. O-O d6 6. Nc3 Nc6 7. Rb1 a5 8. a3
e5 9. d3 h6 10. b4 axb4 11. axb4 Be6 12. b5 Ne7 13. Nd2 (13. Bb2 $5 {Vaganian,
R-Wahls,M/GER-CupT/1992/CBM29/}) 13... Rb8 $6 (13... d5 $1 $13 {Rotstein,
A-Reinderman,D/Wijk op/1993/CBM34/}) 14. Ba3 Qd7 15. Re1 b6 (15... Bh3 $5) 16.
Nf3 Rbe8 (16... Bh3 $2 17. Nxe5 $1 dxe5 18. Bxe7 Bxg2 19. Bxf6 $16) 17. Bb2 Bh3
18. Bh1 Ng4 19. Qb3 Kh7 (19... Kh8 $5) 20. Ra1 f5 21. Qc2 Rf7 22. Ra7 e4 $6 (
22... Ref8 $5) 23. dxe4 Bxc3 24. Qxc3 fxe4 25. Nd2 Nc8 26. Raa1 Nxf2 27. Nxe4
$1 Ng4 (27... Nxe4 28. Bxe4 $16) 28. Bf3 Ne5 29. Rad1 (29. Nd2 $5) 29... Ref8
30. Nd2 Ne7 31. Ra1 Nf5 32. Bd5 Re7 33. Nf3 Ng7 34. Qd2 Ng4 35. Ra3 Qf5 36. Rd3
Ne5 (36... Nh5 37. e4 $18) 37. Re3 Rfe8 38. Nxe5 dxe5 39. Rf3 $16 Qd7 40. e4 $1
Qd6 41. Qf2 Qd8 42. Rf6 Be6 43. Rf1 Bxd5 44. cxd5 Rg8 45. Ba3 Rd7 46. Qe3 Ne8
47. Bf8 $1 Ng7 48. Qc3 Qe8 49. Bb4 Rd8 50. Qc6 Qd7 (50... Qxc6 51. bxc6 $18)
51. Rxg6 $18 Qxc6 52. Rxc6 Ne8 53. Rf5 Rg5 54. Rf7+ Rg7 55. Rxg7+ Nxg7 56. Bc3
1-0

[Event "Dortmund-A"]
[Site "Dortmund"]
[Date "1991.??.??"]
[Round "8"]
[White "Chernin, Alexander"]
[Black "Kindermann, Stefan"]
[Result "1/2-1/2"]
[WhiteElo "2610"]
[BlackElo "2515"]
[Annotator "Ribli,Z"]
[PlyCount "34"]
[EventDate "1991.03.23"]
[EventType "tourn"]
[EventRounds "9"]
[EventCountry "GER"]
[EventCategory "12"]
[SourceTitle "CBM 023"]
[Source "ChessBase"]
[SourceDate "1991.08.01"]
[SourceVersion "1"]
[SourceVersionDate "1991.08.01"]
[SourceQuality "1"]

1. c4 e5 2. g3 Nc6 3. Nc3 g6 4. Bg2 Bg7 5. e4 d6 6. Nge2 Nge7 7. d3 O-O 8. O-O
f5 9. Nd5 Be6 10. Be3 Qd7 11. Qd2 Rf7 12. Rac1 Raf8 13. b4 (13. f3 Kh8 $2 (
13... Nc8 $1 14. b3 N6e7 15. Bh6 c6 16. Nxe7+ Nxe7 17. Bxg7 Kxg7 $10 {Kern,
G-Douven,R Groningen op 1990 CBM/22}) 14. b3 Ng8 15. exf5 gxf5 16. f4 Nf6 17.
Nxf6 Bxf6 18. d4 $14 {Csom,I-Gulko,B Biel izt 1976 22/64}) 13... Nc8 14. b5 Nd8
15. exf5 (15. d4 $5 c6 16. dxe5 dxe5 17. exf5 gxf5 18. f4 e4 19. Rfd1 $14 {
Uhlmann-Timman Niksic 1978 25/58}) 15... Bxf5 16. d4 c6 17. bxc6 Nxc6 1/2-1/2

[Event "URS-chT Republics 19th final A"]
[Site "Azov"]
[Date "1991.??.??"]
[Round "1"]
[White "Serper, Grigory"]
[Black "Ibragimov, Ildar"]
[Result "1-0"]
[WhiteElo "2490"]
[BlackElo "2485"]
[Annotator "Ribli,Z"]
[PlyCount "69"]
[EventDate "1991.??.??"]
[EventType "team-tourn"]
[EventRounds "3"]
[EventCountry "URS"]
[SourceTitle "EXT 2020"]
[Source "ChessBase"]
[SourceDate "2019.10.17"]
[SourceVersion "1"]
[SourceVersionDate "2019.10.17"]
[SourceQuality "1"]
[WhiteTeam "Uzbekistan"]
[BlackTeam "Russia"]
[WhiteTeamCountry "UZB"]
[BlackTeamCountry "RUS"]

1. c4 f5 2. g3 Nf6 3. Bg2 g6 4. Nc3 Bg7 5. d3 Nc6 6. e4 d6 7. Nge2 O-O 8. O-O
e5 9. Nd5 Be6 (9... Ne7 $5 10. Nxf6+ Bxf6 11. Be3 c6 12. Rc1 Be6 $13 {Smejkal,
J-Timman,J Prague 1990 50/23 CBM/20}) 10. Bg5 Qd7 11. Rc1 (11. Qd2 Nh5 12. exf5
gxf5 13. f4 Kh8 14. Rae1 Rae8 15. b4 Nd8 16. Ne3 Nf7 $13 {Serper,G-Sakaev,K
URS-chJ Kherson 1991 EXP/21}) 11... Nh5 12. Qd2 Rf7 13. b4 Raf8 14. b5 Nd8 15.
exf5 Bxf5 (15... gxf5 16. f4 $1 $14) 16. d4 Ne6 17. Be3 Bg4 18. Ndc3 Nef4 19.
Bxb7 Nh3+ 20. Kg2 N3f4+ 21. Kg1 Nh3+ 22. Kg2 N5f4+ $6 (22... N3f4+ $10) 23.
Bxf4 $1 exf4 24. f3 Bh6 25. Bd5 $1 Kg7 26. Bxf7 fxg3 27. Qd1 Rxf7 28. hxg3 Bh5
29. Rc2 Ng5 30. Ng1 Bxf3+ $2 31. Rxf3 Nxf3 32. Nxf3 Qg4 33. Nd5 Qe4 34. Rf2 Bg5
35. Qe2 1-0